Statistics for Highest-Grossing Actors and Actresses

Click here to take the quiz!

General Stats

  • This quiz has been taken 436 times
  • The average score is 11 of 21

Answer Stats

Total Gross# MoviesAverage#1 PictureActor% Correct
$3,947.453$74.5The AvengersRobert Downey, Jr.
86%
$4,502.446$97.9Toy Story 3Tom Hanks
83%
$4,871.741$118.8Star Wars: The Force AwakensHarrison Ford
74%
$3,368.645$74.9Dead Man's ChestJohnny Depp
74%
$3,158.340$79.0The MartianMatt Damon
69%
$3,189.460$53.2The Sixth SenseBruce Willis
68%
$3,645.937$98.5War of the WorldsTom Cruise
66%
$3,611.238$95.0The AvengersScarlett Johansson
64%
$3,233.781$39.9Meet the FockersRobert DeNiro
61%
$3,811.139$97.7Shrek 2Eddie Murphy
60%
$5,015.772$69.7The AvengersSamuel L. Jackson
59%
$3,205.025$128.2Suicide SquadWill Smith
58%
$3,279.349$66.9Night at the MuseumRobin Williams
51%
$3,031.734$89.2Shrek 2Cameron Diaz
49%
$4,470.561$73.3The Dark KnightMorgan Freeman
43%
$3,320.432$103.8Return of the KingIan McKellen
41%
$3,351.558$57.8The Dark KnightMichael Caine
40%
$3,301.939$84.7The Dark KnightGary Oldman
32%
$3,293.951$64.6Catching FireStanley Tucci
18%
$3,420.78$427.6Star Wars: The Force AwakensAnthony Daniels
9%
$3,175.043$73.8The AvengersStellan Skarsgard
6%

Score Distribution

Percentile by Number Answered

Percent of People with Each Score

Your Score History

You have not taken this quiz